| 000 | 00851nac a22002411u 4500 | ||
|---|---|---|---|
| 010 | _a 93027158 | ||
| 020 | _a1557863725 (acid-free paper) | ||
| 020 | _a1557863733 (pbk.) | ||
| 082 | 0 | 0 |
_a372.6 _bBRI |
| 090 |
_c9594 _d9594 |
||
| 100 | _a20080729 | ||
| 245 | 0 | 0 |
_aBridges to literacy : _bchildren, families, and schools / _cedited by David K. Dickinson. |
| 260 |
_aOxford, UK ; _aCambridge, MA : _bBlackwell,1994 _c1994. |
||
| 300 |
_axiii, 297 p. : _bill. ; _c24 cm. |
||
| 500 | _adistributer: Al-Ahram | ||
| 504 | _aIncludes bibliographical references and index. | ||
| 511 | _acatalogued by: wessam | ||
| 650 | 0 |
_aReading _xParent participation. |
|
| 650 | 0 | _aFamily literacy programs. | |
| 650 | 0 |
_aChildren _xBooks and reading. |
|
| 700 | 1 | _aDickinson, David K. | |
| 942 |
_cBB _k372.6BRI |
||
| 999 |
_c9594 _d9594 |
||